Score 0/26 Timer 05:00
0 Plays Today
Quote Spoken by: % Correct
'My heart tells me Gollum has some part to play yet, for good or ill'Gandalf
91.2%
'It is mine to give to whom I will. Like my heart'Arwen
85%
'I see in your eyes the same fear that would take the heart of me.'Aragorn
82.3%
'I do not doubt his heart, only the reach of his arm.'Eomer
79.6%
'In his heart, Frodo begins to understand...'Galadriel
78.9%
'What does your heart tell you?'Aragorn
76.9%
'I think in his heart Frodo is still in love with the Shire.'Bilbo
75.5%
'I do not deny my heart has greatly desired this.'Galadriel
74.1%
'In her heart your mother knew you'd be hunted all your life.'Elrond
70.1%
'Take heart, Merry.'Eowyn
69.4%
'Do not let your hearts be troubled'Galadriel
68.7%
'It would seem like wisdom, but for the warning in my heart.'Frodo
68.7%
'I have not the heart to tell you.'Legolas
63.3%
Quote Spoken by: % Correct
'You have a stout heart, little HobbitAragorn
61.9%
'Do not let the great emptiness of Khazad-dum fill your heart.'Galadriel
61.9%
'I may not look it, but I begin to feel it in my heart.'Bilbo
59.9%
Caras Galadhon, the heart of Elvendom on Earth'Haldir
58.5%
'Cold be heart and hand and bone.'Gollum
49.7%
'To heal my heart and drown my woe.' (a duet)Merry and Pippen
47.6%
'When in your heart you begin to understand.'Frodo
44.2%
'Something festers in the heart of Middle-Earth.'Saruman
35.4%
'And if he was really evil at heart.'Faramir
34.7%
'Ever the Ring will seek to corrupt the hearts of lesser men.'Denethor
32.7%
More than this I know it in my heart.'Faramir
32%
Sung 'With a deepening heart.....'Arwen
21.8%
'Anger festers in their hearts.'Treebeard
19.7%
Remove Ads.
Support Sporcle.
Get the best of Sporcle when you Go Orange. This ad-free experience offers more features, more stats, and more fun while also helping to support Sporcle. Thank you for becoming a member.

You're not logged in!

Compare scores with friends on all Sporcle quizzes.
OR
Log In

Show Comments

Extras

Top Quizzes Today


Score Distribution

Your Account Isn't Verified!

In order to create a playlist on Sporcle, you need to verify the email address you used during registration. Go to your Sporcle Settings to finish the process.

Report this User

Report this user for behavior that violates our Community Guidelines.

Details: